Francisco de Borja, el nieto del escándalo / (Record no. 187700)

MARC details
000 -LEADER
campo de control de longitud fija 00877nam a2200241 i 4500
001 - NÚMERO DE CONTROL
campo de control 187700
003 - IDENTIFICADOR DE NÚMERO DE CONTROL
campo de control ES-MaACL
005 - FECHA Y HORA DE LA ÚLTIMA TRANSACCIÓN
campo de control 20230906223017.0
008 - DATOS DE LONGITUD FIJA--INFORMACIÓN GENERAL
campo de control de longitud fija 180125s1989 sp cf |||| |bspa d
020 ## - NÚMERO INTERNACIONAL ESTÁNDAR DEL LIBRO
Número Internacional Estándar del Libro 84-320-4492-X
080 ## - NÚMERO DE LA CLASIFICACIÓN DECIMAL UNIVERSAL
Número de la Clasificación Decimal Universal 929 Francisco de Borja, Santo
100 1# - ENTRADA PRINCIPAL--NOMBRE DE PERSONA
Nombre de persona Martínez Esteruelas, Cruz.
9 (RLIN) 78073
245 10 - MENCIÓN DEL TÍTULO
Título Francisco de Borja, el nieto del escándalo /
Mención de responsabilidad, etc. Cruz Martínez Esteruelas.
250 ## - MENCION DE EDICION
Mención de edición 4ª ed.
260 ## - PUBLICACIÓN, DISTRIBUCIÓN, ETC.
Lugar de publicación, distribución, etc. Barcelona :
Nombre del editor, distribuidor, etc. Planeta,
Fecha de publicación, distribución, etc. 1989.
300 ## - DESCRIPCIÓN FÍSICA
Extensión 193 p., [8] p. de lám. ;
Dimensiones 21 cm.
490 1# - MENCIÓN DE SERIE
Mención de serie Memoria de la historia ;
Designación de volumen o secuencia 9.
Mención de serie Personajes
500 ## - NOTA GENERAL
Nota general Índice onomástico.
600 04 - PUNTO DE ACCESO ADICIONAL DE MATERIA--NOMBRE DE PERSONA
Nombre de persona Francisco de Borja
Títulos y otros términos asociados al nombre Santo-
Subdivisión general Biografías.
9 (RLIN) 52191
830 0# - PUNTO DE ACCESO ADICIONAL DE SERIE-TÍTULO UNIFORME
Título uniforme Memoria de la historia ;
Designación de volumen o secuencia 9.
Título uniforme Personajes
9 (RLIN) 193488
852 ## - LOCALIZACIÓN
Ubicación ES-MaACL
Número de control de estantería L-31865
Nota libre . - Donat. herederos de la bibl. de Mª del Pilar Costa Palacín
Holdings
Estatus retirado Estado de pérdida Estado de daño No para préstamo Biblioteca de origen Biblioteca actual Ubicación en estantería Fecha de adquisición Fuente de adquisición Total de préstamos Signatura topográfica completa Código de barras Visto por última vez Precio de reemplazo Tipo de ítem Koha
        Biblioteca del Ateneo de Madrid Biblioteca del Ateneo de Madrid Depósito 2 25/01/2018     L-31865 1198287 23/02/2023 23/02/2023 Libro impreso